La Grande Mademoiselle

Gespeichert in:
Bibliographische Detailangaben
1. Verfasser: Robert, Henri (VerfasserIn)
Format: Buch
Sprache:Französisch
Veröffentlicht: París Payot 1929
Ausgabe:4a. ed
Schriftenreihe:<Les >grands procès de l'Histoire, IV
Schlagworte:
Tags: Tag hinzufügen
Keine Tags, Fügen Sie den ersten Tag hinzu!

MARC

LEADER 00000nam a2200000 a 4500
001 UCJ7411
003 CL-VaPUC
008 070124e19290000FR |||||||||||||||||fre|d
082 0 4 |a 920  |b ROB  |2 21 
100 0 |a Robert, Henri  |e author  |9 515775 
245 1 3 |a La Grande Mademoiselle 
246 1 3 |a Le Grand Condé 
246 1 3 |a Le Masque de Fer 
246 1 3 |a Le Roi Murat 
246 1 3 |a Le Maréchal Ney. Ouvrage orné de 49 illustrations 
250 |a 4a. ed 
300 |a 236 p 
942 |c BK 
945 |d 20070124 00:00:00  |a rinostro 
260 |a París  |b Payot  |c 1929 
500 |a Iconografía e ilustraciones conforme a lo señalado en índice 
600 0 7 |a FELIPE DE FRANCIA  |2 CL-VaPUC  |9 515776 
600 0 7 |a MATHEOLY, HERCULES ANTONIO  |2 CL-VaPUC  |9 505381 
600 0 7 |a HOMBRE DE LA MASCARA DE HIERRO  |2 CL-VaPUC  |9 515777 
600 0 7 |a JUNCA, M. DU  |2 CL-VaPUC  |9 515778 
600 0 7 |a LA BASTILLA  |2 CL-VaPUC  |9 515779 
600 0 7 |a SAINT MARS, M. DE  |2 CL-VaPUC  |9 515780 
600 0 7 |a NEY, MICHEL  |2 CL-VaPUC  |9 515781 
650 7 |a PROCESOS HISTORICOS  |2 CL-VaPUC  |9 515782 
650 7 |a BIOGRAFIA  |2 CL-VaPUC  |9 504622 
650 0 |a Iconografía   |9 267998 
650 0 |a Ilustraciones  |9 369481 
650 7 |a LEYENDAS  |2 CL-VaPUC  |9 265258 
583 |a last modification  |c 20070124 00:00:00  |k Rodrigo Vera 
490 0 |a <Les >grands procès de l'Histoire, IV 
999 |c 323496  |d 323494 
952 |0 0  |1 0  |4 0  |6 920_000000000000000_ROB_1929  |7 0  |8 X  |9 403165  |a FDOBUD  |b FDOBUD  |d 2019-11-22  |i 1063472  |o 920 ROB 1929  |p 1063472  |r 2019-11-22  |w 2019-11-22  |y BK_X  |k BUD